The Gothic War : Romes final conflict in the West

Saved in:
Bibliographic Details
Main Author: Jacobsen, Torsten Cumberland
Format: Book
Language:English
Published: Yardley, Pennsylvania : Westholme, 2009
Subjects:
Tags: Add Tag
No Tags, Be the first to tag this record!

MARC

LEADER 00000nam a2200000 i 4500
001 1/43470
008 140228s2009 eng d
020 |a 978-1-59416-084-4 (hbk.) 
035 |l 10116942 
040 |a GR-MY-UA  |b gre  |e aacr 
041 0 |a eng 
082 0 |a 937  |2 (22) 
100 1 |a Jacobsen, Torsten Cumberland. 
245 1 4 |a The Gothic War :  |b Romes final conflict in the West /  |c Torsten Cumberland Jacobsen 
260 |a Yardley, Pennsylvania :   |b Westholme,   |c 2009 
300 |a 370 σ.;  |c 24 εκ. 
504 |a Περιλαμβάνει βιβλιογραφικές αναφορές και ευρετήριo 
651 0 |a Rome  |x Civilization. 
651 0 |a Rome  |x History  |y Germanic invasions, 3rd-6th centuries. 
651 0 |a Rome  |x History, Military. 
852 |a INST  |b LESVOS  |e 20140228  |h 937 JAC  |p 005100053427  |q 005100053427  |t BK  |y 0 
901 |a BIBL1-2014-1 
909 |a Λ  |b 177832 
922 |a 1ΕΛΗ  |b 201211  |c ΤΜΗΜΑ ΚΟΙΝΩΝΙΚΗΣ ΑΝΘΡΩΠΟΛΟΓΙΑΣ ΚΑΙ ΙΣΤΟΡΙΑΣ  |d ΙΩΑΝΝΙΔΟΥ 
970 |a ΤΖΑΦΕΡΗ  |b ΕΥΑΓΓΕΛΙΑ  |z 2014/02/28